LEADER 01165nam a2200253 u 4500 001 000000008678 003 CaOOAMICUS 005 20070226105124.0 008 941010s1935 it a u000 u ita u 035 $a10223247 040 $aBSR$bita 100 1 $aRostovcev, Mihail Ivanovi?,$d1870-1952.$0(OLS)http://pul/name/7328 245 10$aRicostruzioni storiche greco-romane (da scavi e documenti) /$cM. Rostovtzeff ; traduzione di Emilio A.G. Loliva. 260 $aBari :$bG. Laterza,$c1935. 300 $a186 p. :$bill. ;$c20 cm 490 1 $aBiblioteca di cultura moderna ;$v273 651 0$aGreece$xHistory.$2//eng$0(OLS)http://pul/subject/3400 651 0$aRome$xHistory.$2//eng$0(OLS)http://pul/subject/3125 830 0$aBiblioteca di cultura moderna (Editori Laterza) ;$v273.$0(OLS)http://pul/title/3128 850 $aPUL 852 $aPUL$W1$xDP1 Fondo Cecchetti$y53$m268 F 34$j12232$nBK-PRI$b $qFondi$B12232$CPULBib$Z2$F12232 $HPUL2439 $81 941 1 $a1 996 $6245$aRicostruzioni storiche greco-romane (da scavi e documenti)$9(OLS)http://pul/title/12720 996 $6260$aBari :$bG. Laterza$9(OLS)http://pul/publisher/48242 LEADER 01230nam a2200289 a 4500 001 000000122276 003 CaOOAMICUS 005 20100618131538.0 008 100618t2010 it u000 u ita r 020 $a978-88-211-6527-6 040 $aPUL$bita$dReb 082 04$a267.182 100 1 $aKonrad, Michael,$csac.,$d1966-$0(OLS)http://pul/name/38767 245 10$aTendere all'ideale :$bla morale in Luigi Giussani /$cMichael Konrad. 260 $aGenova ;$aMilano :$bMarietti,$cİ2010. 300 $a283 p. ;$c21 cm 490 1 $aBiblioteca cristiana 504 $aBibliografia p. [271]-283. 600 14$aGiussani, Luigi Giovanni,$csac.,$d1922-2005$xEtica e morale.$0(OLS)http://pul/subject/36998 830 0$aBiblioteca cristiana (Marietti).$0(OLS)http://pul/title/145974 850 $aPUL 852 $aPUL$W1$xSL Religione 3$y85$m267. 182 KONMI 1$j140387$qDDC 21$B139531$CPULBib$Z2$F139531 $82 941 1 $a9 996 $6020$a978-88-211-6527-6$9(OLS)http://pul/number/144623 996 $6082$a267.182$9(OLS)http://pul/classification/622 996 $6245$aTendere all'ideale :$bla morale in Luigi Giussani$9(OLS)http://pul/title/153922 996 $6260$aGenova ;$aMilano :$bMarietti$9(OLS)http://pul/publisher/74601